000 00650nam a2200241Ia 4500
003 OSt
005 20220927105033.0
006 a|||||r|||| 00| 0
007 ta
008 220926b |||||||| |||| 00| 0 eng d
024 _a186543
037 _cReference Collections
040 _aRTL
_cRTL
_beng
041 _2eng
_aeng
082 _a"X621.2.N69r, K9"
110 _aRESERVE BANK OF INDIA
245 0 _a"Annual report,1969."
260 _aBombay
_bRBI
_c1969
300 _a61p.
_ccm.
700 _aRESERVE BANK OF INDIA
942 _h"X621.2.N69r, K9"
_cCC
999 _c690413
_d690413